Geography Quiz

Random Geography or Blitz Quiz
Score 0/3 Timer 00:30
0 Plays Today
Question Answer Wrong Answers
Loire starts and ends in France
78.4%
starts in France, ends outside France
5.9%
starts outside France, ends in France
11.8%
starts and ends outside France
3.9%
Meuse starts in France, ends outside France
72.5%
starts and ends in France
11.8%
starts outside France, ends in France
7.8%
starts and ends outside France
7.8%
Garonne starts outside France, ends in France
29.4%
starts in France, ends outside France
7.8%
starts and ends in France
54.9%
starts and ends outside France
5.9%
Remove Ads.
Support Sporcle.
Get the best of Sporcle when you Go Orange. This ad-free experience offers more features, more stats, and more fun while also helping to support Sporcle. Thank you for becoming a member.

You're not logged in!

Compare scores with friends on all Sporcle quizzes.
OR
Log In

Sporcle TV

Today on Sporcle TV


Watch our educational content, quiz creation guides, and fun videos on Sporcle TV.

Show Comments

Extras

Top Quizzes Today


Score Distribution

Paid Content

Your Account Isn't Verified!

In order to create a playlist on Sporcle, you need to verify the email address you used during registration. Go to your Sporcle Settings to finish the process.

Report this User

Report this user for behavior that violates our Community Guidelines.

Details: